| 000 | 00874nam a22002177a 4500 | ||
|---|---|---|---|
| 999 |
_c18303 _d18303 |
||
| 003 | AR-CdUCM | ||
| 008 | 190513b ||||| |||| 00| 0 spa d | ||
| 040 |
_aMUNICIPALIDAD PROVINCIAL DEL CUSCO _cBIBLIOTECA MUNICIPAL DEL CUSCO |
||
| 082 |
_a634.7 / _bL49 |
||
| 100 |
_aLerene Gabarret, Adolfo _938816 |
||
| 245 |
_aLa frutilla : _bcultivo, propiedades, comercialización, industrialización / |
||
| 260 |
_aBuenos Aires : _bAlbatros, _c1956. |
||
| 300 |
_a207 páginas ; _bilustraciones, cuadros, _c21 cm. |
||
| 505 | _aContenido: Generalidades -- Clima -- Suelo -- Especies y variedades de frutilla -- Preparación del suelo y procedimientos generales de cultura -- Diferentes tipos de cultivos ... | ||
| 650 |
_aCultivos _920217 |
||
| 650 |
_aFruta _922806 |
||
| 650 |
_aComercio _9322 |
||
| 650 |
_aIndustria _94386 |
||
| 942 |
_2ddc _cLIBROS |
||
| 945 |
_aachl _d2019-05-13 |
||